000 004840000a22001810004500
003 MACL
005 20150710144850.0
008 150710b xxu||||| |||| 00| 0 eng d
040 _aMACL
_cMACL
041 _aEnglish
082 _a305.4/RAO
100 _aRao, Nitya
_91616
245 _aGood Women Do Not Inherit Land
_bPolitics of Land and Gender in India
260 _bOrient Blackswan
_c2008
_aNew Delhi
350 _a795
650 _aSociology
_919
942 _cBK
_k305.4/RAO
_2ddc
999 _c42052
_d42052